000
00332 a2200145 4500
001
153611
040
_c
Escola São Tomás de Aquino
100
_a
VAZ, Fernando
240
1
0
_a
O estranho Dr.Pimenta
_l
por
245
1
0
_a
O estranho Dr.Pimenta
362
0
_a
2001
440
1
_a
Saraiva
697
_a
*LITERATURA JUVENIL
942
_c
BK
999
_c
153611
_d
153611